Les actrices ayant reçu un Gérard - Statistiques

Statistiques générales
  • Ce quiz a été pris 73 fois
  • Le résultat moyen est 15 sur 23
Statistiques - réponses
Indices Année Prénom Acteur % Correct
Plus mauvaise actrice n'ayant pas encore tourné avec Luc Besson 2007 Monica Bellucci
91%
Gérard de l'actrice qu'on appelle Mademoiselle alors qu'elle a une tête à s'appeler Mémé 2008 Catherine Deneuve
91%
Gérard du désespoir féminin 2009 Catherine Deneuve
91%
Gérard de l'actrice dont le mari s'est tellement couvert de ridicule que ses réseaux ne lui permettent plus le moindre rôle 2010 Arielle Dombasle
88%
Gérard de l'actrice qui bénéficie le mieux des réseaux de son mari 2009 Arielle Dombasle
88%
Gérard de l'actrice qui bénéficie le mieux des réseaux de son mari 2012 Arielle Dombasle
88%
Gérard de l’actrice qui bénéficie le mieux des réseaux de son mari, ou plutôt de son futur ex-mari 2011 Arielle Dombasle
88%
Plus mauvaise actrice 2006 Arielle Dombasle
88%
Plus mauvaise actrice bénéficiant des réseaux de son mari 2007 Arielle Dombasle
88%
Plus mauvaise actrice qui bénéficie le mieux des réseaux de son mari 2006 Arielle Dombasle
88%
Gérard du Petit couple qui se la joue "Delon-Schneider" 2011 Alexandra Lamy
85%
Gérard du désespoir féminin 2011 Jane Birkin
77%
Gérard de Madame la Grande Actrice qui va s'encanailler dans une comédie de ploucs 2010 Carole Bouquet
70%
Gérard du désespoir féminin 2010 Virginie Efira
58%
Plus mauvaise prestation d'un membre de la famille Birkin 2006 Lou Doillon
56%
Gérard du désespoir féminin 2012 Judith Godrèche
47%
Gérard du gros cul 2011 Judith Godrèche
47%
Gérard de l'actrice qui ne bénéficie définitivement pas des réseaux de son beau-frère 2010 Valeria Bruni-Tedeschi
38%
Gérard du petit cul 2011 Clémence Poésy
29%
Gérard de l'actrice pas très douée mais qu'on se mettrait bien sur le z. 2009 Vahina Giocante
17%
Plus mauvaise actrice agaçante 2006 Maïwenn Le Besco
17%
Gérard de l'actrice qui a un nom de maladie 2010 Anna Mouglalis
12%
Gérard de l'actrice qui ferait bien d'arrêter de se la jouer et d'apprendre à jouer tout court 2012 Anna Mouglalis
12%
Aucun quiz correspondant
Distribution des résultats
% des personnes avec chaque résultat
Percentile par nombre de réponses
Votre historique - résultats
Vous n’avez pas pris ce quiz